000 00617nam a2200253Ia 4500
005 20250425162455.0
008 250425s9999 xx 000 0 und d
020 _a9701510275
041 _aspa
082 _a621.4
100 _aALVAREZ FLOREZ, JESUS ANDRES
245 0 _aMAQUINAS TERMICAS MOTORAS
250 _a1A ED.
260 _aMEXICO
260 _aMéxico
_bALFAOMEGA
_c2005
300 _a533
650 _aENERGIA TERMICA
650 _aMOTORES TERMICOS
650 _aTURBINAS A GAS
700 _aCALLEJON AGRAMUNT, ISMAEL
700 _aFORNS FARRUS, SERGI
942 _c01
010 _a76507
999 _c229968
_d229968